Arsenal Top Goalscorers of all time - Statistics

General Stats
  • This quiz has been taken 149 times
  • The average score is 16 of 50
Answer Stats
Player Name APP Goals % Correct
Thierry Henry 377 228
99%
Dennis Bergkamp 422 120
90%
Bukayo Saka 225 58
89%
Robin Van Persie 278 132
83%
Robert Pires 284 85
79%
Ian Wright 278 179
78%
Pierre-Emerick Aubameyang 163 92
77%
Olivier Giroud 253 105
71%
Alexandre Lacazette 206 71
69%
Mesut Ozil 254 44
67%
Gabriel Martinelli 172 41
66%
Theo Walcott 397 108
66%
Alexis Sanchez 166 80
63%
Martin Odegaard 151 35
63%
Cesc Fabregas 303 57
59%
Freddie Ljungberg 328 72
51%
Aaron Ramsey 369 64
49%
Emmanuel Adebayor 142 62
43%
Marc Overmars 141 40
32%
Sylvain Wiltord 174 49
30%
Paul Merson 397 92
25%
Kevin Campbell 208 54
24%
Alan Smith 315 106
23%
Tony Adams 624 44
22%
Frank Stapleton 259 86
15%
Nwankwo Kanu 197 44
14%
Nicklas Bendtner 171 47
13%
Liam Brady 265 47
11%
Alan Sunderland 245 74
10%
Eddie Nketiah 168 38
10%
George Graham 154 38
10%
Charlie Nicholas 155 36
6%
Graham Rix 401 46
5%
John Radford 297 91
5%
Alan Ball 175 45
4%
Brian talbot 292 44
4%
Ray Kennedy 155 50
4%
Tony Woodcock 139 57
4%
David Herd 86 53
3%
Malcolm Macdonald 90 46
3%
Cliff Holton 110 57
2%
George Armstrong 419 36
2%
George Eastham 202 40
2%
Geoff Strong 130 72
1%
Joe Baker 141 94
1%
Alan Skirton 138 50
0%
Don Roper 156 46
0%
Doug Lisham 135 73
0%
Peter Goring 125 45
0%
Reg Lewis 50 36
0%
No matching quizzes found
Score Distribution
Percent of People with Each Score
Percentile by Number Answered
Your Score History
You have not taken this quiz